| 000 | 02022ncm0a2200373 4500 | ||
|---|---|---|---|
| 001 | RU\NLR\ONIZ\265247 | ||
| 005 | 20250624120351.0 | ||
| 021 |
_aRU _b2020-000199 _92020-НО-П-13 |
||
| 035 | _a(NLR Aleph) 012692484 | ||
| 090 |
_a12851541 _c12851541 |
||
| 100 | _a20161005d2020 |||y0rusy50 ca | ||
| 101 | 0 | _arus | |
| 102 | _aRU | ||
| 125 | _azx | ||
| 145 | 0 | _ab | |
| 200 | 1 |
_aХрестоматия _bНоты _eIII-IV годы обучения _fсоставление и редакция С. В. Диденко |
|
| 203 |
_aМузыка _bзнаковая _bвизуальная _cнепосредственная |
||
| 210 |
_aМосква _cТоропов _d2020 |
||
| 215 |
_a95, [1] с. _d29 см _cил. |
||
| 225 | 1 | _aПедагогический репертуар для фортепиано | |
| 313 | _aСистематизация документа проведена по изданию - Методика классифицирования музыкальных произведений (нотных изданий) по таблицам Библиотечно-библиографических классификаций : метод. рекомендации / Гос. б-ка СССР им. В.И. Ленина.- М., 1977. Индексу ББК методических рекомендаций присваивается код ББК для научных библиотек - LBC/SL | ||
| 327 | 1 | _a1. Пьесы. 2. Полифоничечские произведения, старинные танцы. 3. Произведения крупной формы. 4. Этюды | |
| 686 | 0 | _aЩ954.293 (2Р) | |
| 701 | 1 |
_9z02790 _aДиденко _bС. В. _4220 _4340 |
|
| 790 | 1 |
_9z02701 _aDidenko _bS. V. _4220 _4340 |
|
| 801 | 0 |
_aRU _bNLR _c20161005 _gPSBO |
|
| 801 | 1 |
_aRU _bNLR _c20161005 _2rusmarc |
|
| 801 | 2 |
_aRU _bNLR _c20220122 |
|
| 852 |
_aNLR _bМ _j3/12184 _pМОЭ 44824 _t1 |
||
| 852 |
_aNLR _bМ _j3/12184а _pМОЭ 44825 _t2 |
||
| 942 | _cSCORE | ||
| 980 | _aNB | ||
| 980 | _aONIZ | ||